Kraje, do których najciężej się dostać - Statystyki

Ogólne statystyki
  • Ten quiz został rozwiązany 198 razy
  • Średni wynik to 4 z 8
Statystyki odpowiedzi
Hint Odpowiedź % Poprawnych
TOP 4 Podróżowanie do tego kraju jest bardzo trudne. Większość turystów musi korzystać z oficjalnych biur turystycznych, ponieważ kraj nie pozwala na samodzielne podróżowanie. Wiza jest udzielana tylko po spełnieniu ścisłych wymogów, a kontrola nad turystami w tym kraju jest niezwykle surowa Korea Północna
93%
TOP 2 Ze względu na trwający konflikt zbrojny, sytuację polityczną i zagrożenie bezpieczeństwa, wizy do tego kraju są trudne do uzyskania. Dodatkowo wiele państw nie zaleca podróży do tego państwa, a osoby ubiegające się o wizę muszą spełniać rygorystyczne warunki Syria
78%
TOP 1 Ze względu na niestabilność polityczną, wojny domowe i obecny stan bezpieczeństwa, podróże do tego kraju są bardzo trudne. Choć teoretycznie wiza jest dostępna, podróże do kraju są odradzane przez wiele państw, a proces jej uzyskania jest złożony. Afganistan
74%
TOP 7 Uzyskanie wizy do tego kraju jest stosunkowo trudne, ponieważ wymagają one od wnioskodawcy szczegółowych dokumentów dotyczących celu podróży. Osoby ubiegające się o wizę muszą przejść przez szczegółową procedurę aplikacyjną, w tym dostarczyć informacje o przeszłych podróżach, finansach i planach. Chiny
58%
TOP 8Choć ten kraj jest jednym z najczęściej odwiedzanych krajów na świecie, uzyskanie wizy turystycznej jest czasochłonne i skomplikowane. Proces obejmuje rozmowy kwalifikacyjne, a wnioskodawcy muszą udowodnić, że mają silne więzi z krajem ojczystym i intencje powrotu do niego po zakończeniu pobytu. Lecz sytuacja się zmienia jeśli należysz do Visa Waiver Program Stany Zjednoczone
57%
TOP 5 Choć od 2019 roku ten kraj wprowadził turystyczne wizy, procedura ich uzyskania jest skomplikowana i wymaga spełnienia określonych warunków. Wymagane jest przedstawienie zaproszenia, a także spełnienie kryteriów finansowych i osobistych. Arabia Saudyjska
36%
TOP 3 Podobnie jak w przypadku TOP 2, Ten kraj zmaga się z niestabilnością polityczną i zamachami terrorystycznymi, co sprawia, że podróże do tego kraju są wyjątkowo niebezpieczne. Wiza do tego państwa jest trudna do uzyskania, a państwa zachodnie odradzają podróże do tego kraju Libia
33%
TOP 6 Choć ten kraj jest jednym z najpopularniejszych kierunków turystycznych, wiza może być trudna do uzyskania, szczególnie jeśli nie ma się zaproszenia od lokalnego sponsora. Kraj często wymaga dokładnych informacji o celu podróży i innych szczegółach związanych z pobytem. Zjednoczone Emiraty Arabskie
20%
Nie znaleziono quizów pasujących do podanych kryteriów
Rozkład punktacji
Procent ludzi z każdym wynikiem
Percentyl według liczby udzielonych odpowiedzi
Twoja historia wyników
Nie rozwiązałeś tego quizu